| 000 | 01169cab a2200289 4500 | ||
|---|---|---|---|
| 001 | ABS52296 | ||
| 008 | 090401t1995 xxu||||| |||| 00| 0 eng d | ||
| 035 | _a(Sirsi) u71547 | ||
| 041 | _aeng | ||
| 100 | _aSpurrier, N. | ||
| 245 | _aAre landlords to give up their right to forfeit | ||
| 260 | _c1995 | ||
| 350 | _a0 | ||
| 490 |
_aEstates Gazette _v(9508) 25 February 1995, 160-161(2) |
||
| 520 | _aOutlines proposals in the Termination of Tenancies Bill to abolish the landlord`s right of re-entry and forfeiture to terminate a business tenancy which if enacted would require `termination orders` to be sought. Considers the problems of delays in getting court hearings and the present review of the judicial system under the chairmanship of Lord Woolf which is considering substantial and radical changes in the judicial system. | ||
| 650 | _aCOMMERCIAL LEASES | ||
| 650 | _aFORFEITURE | ||
| 650 | _aLEASES | ||
| 650 | _aPOSSESSION | ||
| 650 | _aRE-ENTRY | ||
| 650 | _aREFORM | ||
| 650 | _aTERMINATION OF TENANCIES BILL | ||
| 650 | _aTERMINATION ORDERS | ||
| 690 | _aLANDLORD AND TENANT-BUSINESS TENANCIES | ||
| 942 | _n0 | ||
| 948 | _c04/03/1997 | ||
| 999 |
_c45122 _d45122 |
||